| 000 | 006680000a22002170004500 | ||
|---|---|---|---|
| 003 | LK-CoMWRAF | ||
| 005 | 20231010143652.0 | ||
| 008 | 230817t1995 ||||| |||| 00| 0 eng d | ||
| 020 | _a0892591595 | ||
| 040 |
_aLK-CoMWRAF _dLK-CoMWRAF _eLK-CoMWRAF |
||
| 041 | _aeng | ||
| 082 |
_a346.01 _bBAD |
||
| 100 | _aBadawi, Jamal | ||
| 245 |
_aGender equity in Islam : _bBasic principles |
||
| 260 |
_aIndiana : _bAmerican trust publications, _c1995 |
||
| 300 |
_ax,62p. ; 23cm. _bBibliography included |
||
| 650 | _aMARRIAGE(ISLAMIC LAW) | ||
| 650 | _aMarriage -- Religious aspects -- Islam | ||
| 856 | _uhttps://idmsa.org/downloads/book-gender-equity.pdf | ||
| 942 | _cBK | ||
| 999 |
_c2570 _d2570 |
||